[Event "IECC CL7-2015.02 email"]
[Site "IECC email"]
[Date "2015.04.01"]
[Round "?"]
[White "Baker, Tim"]
[Black "Dawkins, Arthur William"]
[Result "0-1"]
[WhiteElo "1091"]
[BlackElo "1181"]
[PlyCount "36"]
[EventDate "2015.??.??"]
[EventType "tourn (corr)"]
[EventRounds "4"]
[SourceTitle "Corr 2020"]
[Source "ChessBase"]
[SourceDate "2019.09.30"]
[SourceVersion "1"]
[SourceVersionDate "2019.09.30"]
[SourceQuality "1"]
[WhiteTeam "United States"]
[BlackTeam "England"]
[WhiteTeamCountry "USA"]
[BlackTeamCountry "ENG"]

1. e4 g6 2. Nf3 d6 3. d4 Bg7 4. c3 Nf6 5. Bd3 0-0 6. 0-0 Nbd7 7. e5 dxe5 8. dxe5 Ng4 9. Bf4 Ngxe5 10. Nxe5 Nxe5 11. Bxe5 Bxe5 12. Re1 Bg7 13. Qe2 Re8 14. Nd2 e5 15. Rad1 Be6 16. Ne4 Qe7 17. a3 Rad8 18. Bc2 Rxd1 0-1

[Event "P-4853"]
[Site "IECC email"]
[Date "2013.09.11"]
[Round "?"]
[White "Phillips, Dave"]
[Black "Baker, Tim"]
[Result "1/2-1/2"]
[WhiteElo "1286"]
[BlackElo "1142"]
[PlyCount "67"]
[EventDate "2013.??.??"]
[EventType "tourn (corr)"]
[SourceTitle "Telechess CBM 165"]
[Source "ChessBase"]
[SourceDate "2015.03.11"]
[SourceVersion "1"]
[SourceVersionDate "2015.03.11"]
[SourceQuality "1"]
[WhiteTeam "England"]
[BlackTeam "US of America"]
[WhiteTeamCountry "ENG"]
[BlackTeamCountry "USA"]

1. d4 f5 2. g3 Nf6 3. Bg2 d5 4. Nh3 e6 5. 0-0 Nc6 6. Bg5 Be7 7. Nc3 0-0 8. Nf4 Ne4 9. Bxe7 Nxe7 10. f3 Nxc3 11. bxc3 c6 12. Rb1 b5 13. e4 fxe4 14. fxe4 Qa5 15. exd5 cxd5 16. Qd3 a6 17. Bh3 Qb6 18. Rbe1 Rf6 19. Nh5 Rh6 20. Bg4 Bd7 21. Re5 Re8 22. a3 Nf5 23. Bxf5 Rxh5 24. Bg4 Rh6 25. Qe2 Qd6 26. Qf3 Rf6 27. Qe2 Rxf1+ 28. Qxf1 Qxa3 29. Qd3 Qd6 30. Bh5 Rf8 31. Rg5 Qe7 32. Re5 Be8 33. Bg4 Bd7 34. Kg2 1/2-1/2

[Event "IECC P-4528"]
[Site "IECC email"]
[Date "2009.03.06"]
[Round "?"]
[White "Notarnicola, Gianluca"]
[Black "Baker, Tim"]
[Result "1-0"]
[WhiteElo "1327"]
[BlackElo "1129"]
[PlyCount "47"]
[EventDate "2009.??.??"]
[EventType "tourn (corr)"]
[EventRounds "1"]
[SourceTitle "Telechess CBM 137"]
[Source "ChessBase"]
[SourceDate "2010.07.15"]
[SourceVersion "1"]
[SourceVersionDate "2010.07.15"]
[SourceQuality "1"]
[WhiteTeam "Italy"]
[BlackTeam "US of America"]
[WhiteTeamCountry "ITA"]
[BlackTeamCountry "USA"]

1. e4 c5 2. Nf3 d6 3. d4 cxd4 4. Nxd4 Nf6 5. Nc3 a6 6. Bc4 Nbd7 7. 0-0 g6 8. Re1 Bg7 9. a3 0-0 10. b4 Ne5 11. Bd5 e6 12. Bb3 Qc7 13. Bb2 Bd7 14. Qd2 b5 15. Rad1 Qb6 16. Nde2 Neg4 17. Qd4 Rab8 18. h3 Nxf2 19. Qxf2 Nxe4 20. Nxe4 Bxb2 21. Rxd6 Qc7 22. c3 a5 23. Rxd7 Qe5 24. Nd4 1-0

[Event "IECC CL7-2007.13 email"]
[Site "IECC email"]
[Date "2007.12.23"]
[Round "?"]
[White "Renze, John"]
[Black "Baker, Tim"]
[Result "1/2-1/2"]
[WhiteElo "1207"]
[BlackElo "1131"]
[PlyCount "55"]
[EventDate "2007.??.??"]
[EventType "tourn (corr)"]
[EventRounds "4"]
[SourceTitle "Corr 2020"]
[Source "ChessBase"]
[SourceDate "2019.09.30"]
[SourceVersion "1"]
[SourceVersionDate "2019.09.30"]
[SourceQuality "1"]
[WhiteTeam "United States"]
[BlackTeam "United States"]
[WhiteTeamCountry "USA"]
[BlackTeamCountry "USA"]

1. e4 c5 2. Nc3 e6 3. g3 Nf6 4. Bg2 Nc6 5. Nge2 d6 6. d4 cxd4 7. Nxd4 Be7 8. 0-0 0-0 9. Nxc6 bxc6 10. e5 Nd5 11. exd6 Qxd6 12. Ne4 Qd8 13. c4 Nf6 14. Nxf6+ Bxf6 15. Qxd8 Rxd8 16. Bxc6 Rb8 17. Rb1 Rd6 18. Bg2 Ba6 19. b3 Bxc4 20. Bf4 e5 21. Bxe5 Bxe5 22. bxc4 Rxb1 23. Rxb1 g6 24. Rc1 Rd2 25. a4 Bd4 26. Rf1 Ra2 27. Bc6 Rc2 28. Bb5 1/2-1/2

[Event "IECC KO-1072"]
[Site "IECC email"]
[Date "2007.12.04"]
[Round "?"]
[White "Baker, Tim"]
[Black "Foletta, Ian"]
[Result "1-0"]
[WhiteElo "1101"]
[BlackElo "1055"]
[PlyCount "33"]
[EventDate "2007.??.??"]
[EventType "match (corr)"]
[EventRounds "2"]
[SourceTitle "Corr 2020"]
[Source "ChessBase"]
[SourceDate "2019.09.30"]
[SourceVersion "1"]
[SourceVersionDate "2019.09.30"]
[SourceQuality "1"]
[WhiteTeam "United States"]
[BlackTeam "Australia"]
[WhiteTeamCountry "USA"]
[BlackTeamCountry "AUS"]

1. b4 e5 2. Bb2 Nc6 3. e3 Bxb4 4. f4 d6 5. a3 Bc5 6. Nf3 Nf6 7. c3 0-0 8. d4 exd4 9. exd4 Re8+ 10. Be2 Bb6 11. 0-0 Nd5 12. Bc1 Nce7 13. Re1 Nf5 14. Bd3 Nfe3 15. Bxe3 Nxe3 16. Qe2 Nf5 17. Qxe8+ 1-0

[Event "IECC KO-1072"]
[Site "IECC email"]
[Date "2007.12.04"]
[Round "?"]
[White "Foletta, Ian"]
[Black "Baker, Tim"]
[Result "1-0"]
[WhiteElo "1056"]
[BlackElo "1151"]
[PlyCount "55"]
[EventDate "2007.??.??"]
[EventType "match (corr)"]
[EventRounds "2"]
[SourceTitle "Corr 2020"]
[Source "ChessBase"]
[SourceDate "2019.09.30"]
[SourceVersion "1"]
[SourceVersionDate "2019.09.30"]
[SourceQuality "1"]
[WhiteTeam "Australia"]
[BlackTeam "United States"]
[WhiteTeamCountry "AUS"]
[BlackTeamCountry "USA"]

1. e4 c5 2. Nf3 d6 3. d4 cxd4 4. Nxd4 Nf6 5. Nc3 a6 6. Bd3 e6 7. 0-0 Be7 8. Re1 0-0 9. b3 Qc7 10. Nce2 Nbd7 11. Nf4 e5 12. Nf5 Nc5 13. Be2 Ncxe4 14. Nxe7+ Qxe7 15. Nd5 Nxd5 16. Qxd5 Bf5 17. Ba3 Rad8 18. f3 Nc3 19. Qd2 Nxe2+ 20. Rxe2 Rd7 21. Rc1 Rfd8 22. Bb2 h6 23. Qe1 f6 24. a4 Qe8 25. h3 Re7 26. b4 Qxa4 27. Ra1 Qb3 28. cxb3 1-0

[Event "IECC P-4317"]
[Site "IECC email"]
[Date "2007.05.02"]
[Round "?"]
[White "Helfrich, Cory"]
[Black "Baker, Tim"]
[Result "1-0"]
[WhiteElo "1167"]
[BlackElo "1101"]
[PlyCount "41"]
[EventDate "2007.??.??"]
[EventType "tourn (corr)"]
[EventRounds "1"]
[SourceTitle "Corr 2008"]
[Source "ChessBase"]
[SourceDate "2008.06.24"]
[SourceVersion "1"]
[SourceVersionDate "2008.06.24"]
[SourceQuality "1"]
[WhiteTeam "Canada"]
[BlackTeam "US of America"]
[WhiteTeamCountry "CAN"]
[BlackTeamCountry "USA"]

1. e4 c5 2. Nf3 d6 3. d4 cxd4 4. Nxd4 Nf6 5. Nc3 a6 6. Be3 e5 7. Nf3 Be6 8. Ng5 Bg4 9. Be2 Nbd7 10. Bxg4 Be7 11. 0-0 h6 12. Bxd7+ Qxd7 13. Nf3 0-0 14. Qd3 Qc6 15. Nh4 Ng4 16. Nf5 Rfe8 17. Nd5 Kf8 18. Bd2 a5 19. Qh3 Qxc2 20. Qxg4 g5 21. Qh5 1-0

[Event "IECC CL7-2003.11 email"]
[Site "IECC email"]
[Date "2003.04.30"]
[Round "?"]
[White "Hargreaves, John Richard"]
[Black "Baker, Tim"]
[Result "1-0"]
[WhiteElo "1200"]
[BlackElo "1106"]
[PlyCount "29"]
[EventDate "2003.??.??"]
[EventType "tourn (corr)"]
[EventRounds "4"]
[SourceTitle "Corr 2008"]
[Source "ChessBase"]
[SourceDate "2008.06.24"]
[SourceVersion "1"]
[SourceVersionDate "2008.06.24"]
[SourceQuality "1"]

1. e4 c5 2. Nf3 d6 3. h3 Nf6 4. Bb5+ Bd7 5. Bxd7+ Nbxd7 6. Nc3 e6 7. 0-0 Be7 8. d3 0-0 9. Bd2 Qb6 10. a4 Ne5 11. Nxe5 dxe5 12. a5 Qc6 13. b3 a6 14. Be3 h6 15. Qf3 1-0

[Event "IECC P email"]
[Site "IECC email"]
[Date "2003.01.02"]
[Round "?"]
[White "Baker, Tim"]
[Black "Van Niekerk, Jan"]
[Result "0-1"]
[WhiteElo "1181"]
[BlackElo "1218"]
[PlyCount "46"]
[EventDate "2003.??.??"]
[EventType "tourn (corr)"]
[EventRounds "6"]
[SourceTitle "Corr 2008"]
[Source "ChessBase"]
[SourceDate "2008.06.24"]
[SourceVersion "1"]
[SourceVersionDate "2008.06.24"]
[SourceQuality "1"]

1. b4 e5 2. Bb2 d6 3. e3 Nf6 4. Nf3 e4 5. Nd4 Be7 6. d3 c5 7. bxc5 dxc5 8. Nb3 Nc6 9. N1d2 Bg4 10. Be2 Bxe2 11. Qxe2 exd3 12. cxd3 Nb4 13. d4 Nc2+ 14. Kf1 Nxa1 15. Bxa1 cxd4 16. exd4 0-0 17. g3 Qd5 18. Qf3 Rac8 19. Qxd5 Nxd5 20. Kg2 Rc2 21. Rb1 Rxa2 22. Rb2 Rxb2 23. Bxb2 Rc8 0-1

[Event "IECC CL6-2001.18"]
[Site "IECC email"]
[Date "2001.05.30"]
[Round "?"]
[White "Baker, Tim"]
[Black "Vio, Mauro"]
[Result "0-1"]
[WhiteElo "1239"]
[BlackElo "1423"]
[PlyCount "62"]
[EventDate "2001.??.??"]
[EventType "tourn (corr)"]
[EventRounds "4"]
[SourceTitle "Corr 2008"]
[Source "ChessBase"]
[SourceDate "2008.06.24"]
[SourceVersion "1"]
[SourceVersionDate "2008.06.24"]
[SourceQuality "1"]

1. e4 e5 2. Nf3 Nc6 3. d4 exd4 4. Nxd4 Nxd4 5. Qxd4 Ne7 6. Bc4 Nc6 7. Qe3 Bb4+ 8. c3 Be7 9. 0-0 Ne5 10. Be2 d6 11. f4 Ng6 12. Nd2 0-0 13. Nf3 f5 14. e5 Be6 15. Rd1 Qc8 16. b4 a5 17. Ba3 axb4 18. Bxb4 dxe5 19. Bxe7 Nxe7 20. Nxe5 Nd5 21. Qf3 Nf6 22. a4 Bb3 23. Bc4+ Bxc4 24. Nxc4 Ne4 25. Ne5 Rd8 26. Rxd8+ Qxd8 27. Rd1 Qf8 28. Qd3 Qc5+ 29. Qd4 Rd8 30. Kf1 Rxd4 31. Rxd4 h5 0-1

[Event "IECC CL6-2001.08"]
[Site "IECC email"]
[Date "2001.02.18"]
[Round "?"]
[White "Huang, Peter"]
[Black "Baker, Tim"]
[Result "1/2-1/2"]
[WhiteElo "1321"]
[BlackElo "1225"]
[PlyCount "52"]
[EventDate "2001.??.??"]
[EventType "tourn (corr)"]
[EventRounds "4"]
[SourceTitle "Corr 2008"]
[Source "ChessBase"]
[SourceDate "2008.06.24"]
[SourceVersion "1"]
[SourceVersionDate "2008.06.24"]
[SourceQuality "1"]

1. e4 c5 2. Nf3 d6 3. g3 e5 4. Bg2 Nf6 5. d3 Be7 6. 0-0 0-0 7. Nbd2 Bg4 8. h3 Bh5 9. c4 Nc6 10. a3 a5 11. Re1 Nd4 12. Nb3 Nxf3+ 13. Bxf3 Bxf3 14. Qxf3 a4 15. Nd2 g6 16. Nf1 Nh5 17. Ne3 Qa5 18. Qe2 Bg5 19. Nd5 Bxc1 20. Raxc1 Qd8 21. Qf3 f5 22. exf5 Rxf5 23. Qe4 Nf6 24. Nxf6+ Qxf6 25. Rf1 Rf8 26. Rc2 Rf7 1/2-1/2

[Event "IECC KO email"]
[Site "IECC email"]
[Date "2000.02.16"]
[Round "?"]
[White "Wood, Brian P"]
[Black "Baker, Tim"]
[Result "1-0"]
[WhiteElo "979"]
[BlackElo "1079"]
[PlyCount "59"]
[EventDate "2000.??.??"]
[EventType "tourn (corr)"]
[EventRounds "6"]
[SourceTitle "Corr 2008"]
[Source "ChessBase"]
[SourceDate "2008.06.24"]
[SourceVersion "1"]
[SourceVersionDate "2008.06.24"]
[SourceQuality "1"]

1. d4 f5 2. c4 d5 3. g3 Nf6 4. Nf3 Nc6 5. Bg2 e6 6. 0-0 Be7 7. cxd5 Nxd5 8. Nc3 Bf6 9. Nxd5 exd5 10. e3 Be6 11. Rb1 Qd7 12. b3 g5 13. Bb2 0-0-0 14. Qd2 h5 15. h3 Rdg8 16. Ne5 Qe8 17. Nxc6 Qxc6 18. f3 f4 19. exf4 gxf4 20. Qxf4 Bg5 21. Qe5 Bf6 22. Qxf6 Qd6 23. Qe5 Qxe5 24. dxe5 Rxg3 25. Kh1 Rhg8 26. Rf2 h4 27. f4 Bf5 28. Re1 Kd7 29. Bxd5 c6 30. Bxg8 1-0

[Event "IECC CL7-1999.02"]
[Site "IECC email"]
[Date "1998.11.15"]
[Round "?"]
[White "Evans, Matthew"]
[Black "Baker, Tim"]
[Result "1-0"]
[WhiteElo "1020"]
[BlackElo "1100"]
[PlyCount "73"]
[EventDate "1999.??.??"]
[EventType "tourn (corr)"]
[EventRounds "4"]
[SourceTitle "Corr 2008"]
[Source "ChessBase"]
[SourceDate "2008.06.24"]
[SourceVersion "1"]
[SourceVersionDate "2008.06.24"]
[SourceQuality "1"]

1. e4 c5 2. Nf3 d6 3. d4 cxd4 4. Nxd4 Nf6 5. Nc3 g6 6. Be3 Bg7 7. f3 0-0 8. Qd2 Nc6 9. Bc4 Bd7 10. 0-0-0 Rc8 11. Bb3 Ne5 12. h4 h5 13. Bg5 Nc4 14. Qe2 Na3 15. Nb1 Nxb1 16. Kxb1 Qa5 17. Qe3 Qc5 18. Ne2 Qa5 19. e5 Qc7 20. exf6 exf6 21. Bf4 Rfe8 22. Qd2 Bf5 23. Nd4 Qc5 24. Ba4 Red8 25. b4 Qc3 26. Qxc3 Rxc3 27. Nxf5 gxf5 28. Rd5 Rc4 29. Bd2 f4 30. Bb5 Rc7 31. Rxh5 a5 32. Rf5 Rdc8 33. Bd3 axb4 34. Bxf4 Rc5 35. Bxd6 Rxf5 36. Bxf5 Rc4 37. Re1 1-0